Villes européennes sur la carte n°2 - Statistiques

Statistiques générales
  • Ce quiz a été pris 20 378 fois
  • Le résultat moyen est 25 sur 35
Réponses sur la Carte
Les réponses sont colorées sur une échelle allant du rouge au vert en fonction du pourcentage des utilisateurs qui les ont devinées à leur premier essai. Vous pouvez retrouver ces pourcentages ci-dessous.
 
Statistiques - réponses
Ville % Correct
Madrid
98%
Londres
97%
Barcelone
95%
Bruxelles
94%
Dublin
94%
Berlin
92%
Oslo
92%
Toulouse
92%
Strasbourg
91%
Nantes
90%
Milan
88%
Kiev
85%
Naples
84%
Vienne
83%
Helsinki
82%
Manchester
81%
Munich
80%
Prague
79%
Budapest
78%
Genève
78%
Reykjavik
78%
Saint-Pétersbourg
78%
Riga
72%
Rotterdam
71%
Édimbourg
70%
Vilnius
67%
Sarajevo
62%
Tirana
57%
Malmö
39%
Thessalonique
32%
Gdańsk
31%
Héraklion
28%
Sotchi
26%
Cluj-Napoca
19%
Wrocław
13%
Aucun quiz correspondant
Distribution des résultats
% des personnes avec chaque résultat
Percentile par nombre de réponses
Votre historique - résultats
Vous n’avez pas pris ce quiz